000 00286nam a2200121Ia 4500
008 190216s9999||||xx |||||||||||||| ||und||
100 _aLawrence D H
245 0 _aLady Chatterlrys Lover
260 _bSurjeet Pubs.Delhi
_c1992
300 _a283
650 _aEnglish Novel
942 _cBK
999 _c14134
_d14134